Elenca la formazione - Finale Coppa UEFA 2003-2004 - Statistics

Statistiche generali
  • Questo quiz è stato fatto 17 volte
  • Il punteggio medio è 8 su 22
Statistiche sulle risposte
Ruolo Nazione Calciatore % Corretto
Attaccante Costa d'Avorio Didier Drogba
92%
Portiere Francia Fabien Barthez
75%
Difensore Italia Amedeo Carboni
67%
Portiere Spagna Santiago Cañizares
67%
Difensore Argentina Roberto Ayala
58%
Centrocampista Spagna Rubén Baraja
50%
Difensore Spagna Curro Torres
42%
Attaccante Spagna Miguel Ángel Angulo
42%
Attaccante Spagna Mista
42%
Centrocampista Spagna Vicente
42%
Difensore Spagna Carlos Marchena
33%
Centrocampista Spagna Francisco Rufete
33%
AAttaccante Francia Steve Marlet
33%
Centrocampista Senegal Sylvain N'Diaye
25%
Difensore Costa d'Avorio Abdoulaye Méïté
17%
Centrocampista Algeria Brahim Hemdani Captain
17%
Trequartista Francia Camel Meriem
17%
Centrocampista Spagna David Albelda Captain
17%
Difensore Brasile Demetrius Ferreira
17%
Difensore Senegal Habib Beye
17%
Difensore Francia Manuel dos Santos
17%
Centrocampista Francia Mathieu Flamini
17%
Nessun quiz corrispondente trovato
Distribuzione punteggi
Percentuale di utenti per punteggio
Percentile per numero di risposta
I tuoi punteggi nel tempo
Non hai fatto questo quiz